| 000 | 00411cam a2200169ua 4500 | ||
|---|---|---|---|
| 020 | _c0.75 | ||
| 041 |
_amal _h |
||
| 082 |
_a894.8 _bNAY/DR |
||
| 100 | _aNayar, S K . | ||
| 245 |
_aDravida chollukal / _cS K Nayar. _hTextual Documents |
||
| 260 |
_aThuravoor : _bSree Narasimha Vilasam Book Depot , _c1960. |
||
| 300 | _a64 ; . | ||
| 365 | _a0.75 | ||
| 504 | _a | ||
| 942 | _cBK | ||
| 999 |
_c5063 _d5063 |
||